| 000 | 00927nam a22003017a 4500 | ||
|---|---|---|---|
| 001 | BR7500768 | ||
| 003 | BR-BrBNA | ||
| 005 | 20230928084727.0 | ||
| 007 | ta | ||
| 008 | 230509b bl.||||| |||| 00| 0 por d | ||
| 040 |
_aBR-BrBNA _bpor _cBiblioteca Nacional de Agricultura |
||
| 041 | _a(Por) | ||
| 072 |
_aF00; F60 _b0180 |
||
| 090 | _ 0180 BR7500768 | ||
| 100 | 1 | _aAndrigueto, J.R. | |
| 110 | 1 |
_aUniversidade Federal de Pelotas, RS (Brasil) _0Dissertacao (Mestre) _910876 |
|
| 245 | 1 | _aEfeitos do retardamento da secagem da semente de trigo (Triticum aestivum L.)sobre sua qualidade fisiologica [Poder germinativo] | |
| 260 | 3 |
_aPelotas, RS (Brasil): _c1975. |
|
| 300 | _a73 p. | ||
| 500 | _a49 ref.; Summaries (Eng, Por) | ||
| 650 | _aFISIOLOGIA VEGETAL | ||
| 650 | _aTRIGO | ||
| 650 | _aSEMENTE | ||
| 650 | _aPODER GERMINATIVO | ||
| 650 | _aSECAGEM | ||
| 909 |
_a202309 _bLucia _c55 _dLucia Elande |
||
| 942 | _cBK | ||
| 999 |
_c20735 _d20735 |
||